| 000 | 00499nam a2200205Ia 4500 | ||
|---|---|---|---|
| 003 | GCL | ||
| 008 | 140319s9999 xx 000 0 eng d | ||
| 040 |
_aGCL / _cGCL |
||
| 082 | 0 | 4 |
_a914.81 _bS L |
| 100 | 1 | _aBOGER, BERT | |
| 245 | 1 | 0 |
_aLOOKING AT NORWAY / _cBOGER, BERT |
| 700 | 1 | _aSTIGEN,TERJE | |
| 260 |
_a[S.N] : _bDREYERS FORLAG ، _c1958 |
||
| 300 | _a118 | ||
| 650 | 0 | 4 | _aGEOGRAPHY |
| 650 | 0 | 4 | _aNORWAY |
| 650 | 0 | 4 | _aNORWAY - HISTORY |
| 650 | 0 | 4 | _aNORWAY - GEOGRAPHY |
| 942 |
_2ddc _cBK |
||
| 999 |
_c15790 _d15790 |
||